| 000 | 00394nam a22001697a 4500 | ||
|---|---|---|---|
| 003 | MACL | ||
| 005 | 20160115124847.0 | ||
| 008 | 160115b xxu||||| |||| 00| 0 eng d | ||
| 040 | _cMACL | ||
| 041 | _aEnglish | ||
| 082 | _a821/MEN | ||
| 100 |
_aMenon Siddhartha _932538 |
||
| 245 | _aWoodpecker | ||
| 260 |
_aNew Delhi _bSahitya Akademi _c2010 |
||
| 650 |
_aPoetry _932539 |
||
| 942 |
_2ddc _cBK |
||
| 999 |
_c52405 _d52405 |
||